La poesía épica del siglo de oro

Uloženo v:
Podrobná bibliografie
Hlavní autor: Pierce, Frank
Médium: Kniha
Jazyk:Undetermined
Vydáno: Madrid, España Gredos 1961
Témata:
Tagy: Přidat tag
Žádné tagy, Buďte první, kdo vytvoří štítek k tomuto záznamu!

MARC

LEADER 00000nam a2200000Ia 4500
008 170316s9999 xx 000 0 und d
040 |a cru BVZT 
090 |a C-862 P-7p 
100 |a Pierce, Frank 
245 |a La poesía épica del siglo de oro 
260 |a Madrid, España 
260 |b Gredos 
260 |c 1961 
300 |a 389 páginas 
650 |a LITERATURA ESPAÑOLA 
650 |a CRÍTICA 
999 |c 13175  |d 13175 
942 |c 15 D  |h C-862 P-7p  |2 z